| 000 | 00478cam a22001097a 4500 | ||
|---|---|---|---|
| 008 | 180718b1950 xxu||||| |||| 00| 0 eng d | ||
| 082 | _aV43x54 In2/1945-50 | ||
| 245 |
_aQuinquennial report _cby Central Water- Power, Irrigation & Navigation Commission, Ministry of Works, Mines & Power |
||
| 260 |
_aSimla _bGovernment of India Press _c1950 |
||
| 300 | _a258+p. | ||
| 700 | _aHimachal Pradesh. Ministry of Works, Mines & Power. Central Water- Power, Irrigation & Navigation Commission | ||
| 999 |
_c498417 _d498417 |
||